000 01340 a2200241 4500
001 46306
005 20260407155735.0
008 260407a1974 arg spa d
003 AR-UNSa-BCEJYS
040 _aAR-UNSa-BCEJYS
_bspa
_cAR-UNSa-BCEJYS
080 _a330.14
_xCapital
245 1 0 _aPara leer El capital
250 _a3a. ed.
264 1 _aBuenos Aires :
_bSiglo Veintiuno de Argentina Editores
_c1974
300 _a335 p.
_c20 cm.
505 _aParte I. El objeto de “El Capital” / Louis Althusser: 1. Advertencia – 2. Marx y sus descubrimientos – 3. Los méritos de la economía clásica – 4. Los defectos de la economía clásica. Bosquejo del concepto de tiempo histórico – 5. El marxismo no es un historicismo – 6. Proposiciones epistemológicas de El capital (Marx, Engels) – 7. El objeto de “la economía política” – 8. La crítica de Marx - - Parte II. Acerca de los conceptos fundamentales del materialismo histórico / Étienne Balibar: 1. De la periodización a los modos de producción – 2. Los elementos de la estructura y su historia – 3. La reproducción – 4. Elementos para una teoría del tránsito.
041 _aspa
942 _cBK
590 _aniveau_biblio:m niveau_hierar:0
100 1 _aAlthusser, Louis
700 1 _aBalibar, Etienne
700 1 _aHarnecker, Martha
999 _c4178
_d4178